Neuere Tendenzen der sowjetischen Science Fiction /

Bibliographic Details
Main Author: Földeak, Hans
Format: Book
Language:German
Published: Munchen : O. Sagner, 1975.
Series:Slavistische Beiträge ; Bd. 88.
Subjects:

MARC

Tag First Indicator Second Indicator Subfields
LEADER 00000cam a2200000 i 4500
001 in00000050872
005 20151007073930.0
008 760217s1975 gw b 00010 ger
010 |a  76451603  
015 |a GFR*** 
020 |a 3876901006 
035 |a (OCoLC)02021908 
035 |9 AAF0644AM 
040 |a DLC  |c DLC  |d TXA  |d UtOrBLW 
043 |a e-ur--- 
049 |a TXAS  |c [1102607] 
050 0 0 |a PG3098.S5  |b F6 1975 
100 1 |a Földeak, Hans. 
245 1 0 |a Neuere Tendenzen der sowjetischen Science Fiction /  |c Hans Foldeak. 
264 1 |a Munchen :  |b O. Sagner,  |c 1975. 
300 |a 208 pages ;  |c 21 cm. 
336 |a text  |b txt  |2 rdacontent 
337 |a unmediated  |b n  |2 rdamedia 
338 |a volume  |b nc  |2 rdacarrier 
490 1 |a Slavistische Beitrage ;  |v Bd. 88 
500 |a Originally presented as the author's thesis, Munich, 1974. 
504 |a Bibliography: pages 204-208. 
650 0 |a Science fiction, Russian  |x History and criticism. 
830 0 |a Slavistische Beiträge ;  |v Bd. 88. 
999 |a MARS 
999 f f |s 9037baff-ccdc-33ec-a555-c292e996c2a7  |i 66c626fc-aa75-39f1-b072-5003c6ada5ac  |t 0 
952 f f |p noncirc  |a Texas A&M University  |b College Station  |c Cushing Memorial Library & Archives  |d Cushing: Science Fiction (Does not check out)  |t 0  |e PG3098.S5 F6 1975  |h Library of Congress classification  |i unmediated -- volume  |m A14800383138 
998 f f |a PG3098.S5 F6 1975  |t 0  |l Cushing: Science Fiction (Does not check out)